Wheel of Time characters with B initials - Statistics

General Stats
  • This quiz has been taken 76 times
  • The average score is 9 of 17
Answer Stats
Hint Answer % Correct
BP The First of Mayene Berelain sur Paendrag Paeron
95%
BA The Mayor of Emond's Field Brandelwyn al'Vere
95%
BC Mat's sister and novice in the White Tower Bodewhin Cauthon
93%
BW Demandred's name in Shara Bao the Wyld
78%
BG Innkeeper of the Queen's Blessing Basel Gill
75%
BS Hero of the Horn of Valere Birgitte Silverbow
75%
BD Darkfriend High Seat of a Cairhienin House Barthanes Damodred
73%
BH Aes Sedai of the Green Ajah and companion of Kiruna Nachiman Bera Harkin
70%
BZ Seanchan sul'dam who fled Ebou Dar Bethamin Zeami
60%
BN Aes Sedai of the Green Ajah killed by Sharans along with her Asha'man Warder Beldeine Nyram
50%
BM Amyrlin Seat raised from the Red Ajah Bonwhin Meraighdin
45%
BT Aes Sedai of the Gray Ajah killed by a Darkfriend in the Blight Berisha Terakuni
25%
BI Last King of Aridhol Balwen Ironhand
23%
BO Cairhienin noblewoman who supported Colavaere Belevaere Osiellin
5%
BF Seanchan captain in Almizar in charge of the raken Blasic Faloun
5%
BL High Seat of a minor Andoran noble House Barel Layden
3%
BR Perrin's corrupt quartermaster Bavin Rockshaw
3%
No matching quizzes found
Score Distribution
Percent of People with Each Score
Percentile by Number Answered
Your Score History
You have not taken this quiz